=LDR 00000nam 2200000 4500 =001 INLIS000000000047644 =005 20170302152336.0 =006 =007 =008 =020 ##$$a 979.518.550-0 =035 ##$$0010-021600000000032 =040 ##$$a NBPDMAT =082 ##$$a 352 =090 ##$$a 352 $bInu s =100 ##$$a Inu Kencana Syafie =245 ##$$a Sistem pemerintahan Indonesia (MKDU) / Inu Kencana Syafie =250 ##$$a Cet. 1 =260 ##$$a Jakarta $b Rineka Cipta $c 1994 =300 ##$$a xi, 189 hlm. ; 21 cm =500 ##$$a Indeks hlm : 188 - 189 =650 ##$$a Administrasi Pemerintahan =850 ##$$a NBPDMAT =990 ##$$a 51500562 =990 ##$$a 51500562/BPAP-NTB/2016